|
|
|
|
| LEADER |
01186nam a22003252i 4500 |
| 001 |
001914513 |
| 003 |
CZ BrMZK |
| 005 |
20241105071636.0 |
| 007 |
ta |
| 008 |
241105s1978 xr a er|||||||||||cze d |
| 040 |
|
|
|a PNE307
|b cze
|e rda
|
| 110 |
2 |
|
|a Nová síň (Praha, Česko)
|
| 245 |
1 |
0 |
|a Praha v obrazech Jaromíra Jindry /
|c [úvod Anna Bauerová ; výst. Nová síň Praha XI.-XII.1978]
|
| 264 |
|
1 |
|a Praha :
|b Svaz českých výtvarných umělců,
|c 1978
|
| 300 |
|
|
|a [12] s. :
|b il.
|
| 336 |
|
|
|a text
|b txt
|2 rdacontent
|
| 337 |
|
|
|a bez média
|b n
|2 rdamedia
|
| 338 |
|
|
|a svazek
|b nc
|2 rdacarrier
|
| 600 |
1 |
7 |
|a Jindra, Jaromír,
|d 1895-1984
|7 xx0012662
|2 czenas
|
| 610 |
2 |
7 |
|a Galerie hlavního města Prahy
|7 kn20010709023
|2 czenas
|
| 611 |
2 |
4 |
|a Galerie hlavního města Prahy : Praha : 1978/11/16-1978/12/17
|
| 648 |
|
7 |
|a 20. století
|7 ch460558
|2 czenas
|
| 650 |
|
7 |
|a malířství
|7 ph122599
|y 19.-20. stol.
|2 czenas
|
| 651 |
|
4 |
|a Praha
|
| 651 |
|
7 |
|a Česko
|7 ge128065
|2 czenas
|
| 655 |
|
4 |
|a katalog výstavy
|
| 910 |
|
|
|a BOA001
|b X2-1533.940
|
| 990 |
|
|
|a BK
|
| 991 |
|
|
|b 202410
|
| 996 |
6 |
|
|b 2610984509
|c X2-1533.940
|l MZK
|r Sklad / do 24 hodin
|n 0
|p dar
|w 001983511
|u 000010
|a 1
|e BOA001
|j MZK50
|s P
|